| 000 | 00894cam a2200325Ia 4500 | ||
|---|---|---|---|
| 003 | data | ||
| 005 | 20260322212007.0 | ||
| 008 | data | ||
| 010 | _a2002036844 | ||
| 020 | _a0316603287 | ||
| 020 | _a9780316603287 | ||
| 040 |
_aDLC _cDLC _dJTE |
||
| 043 |
_an-us-dc _an-us-dc |
||
| 099 | _aPATTEJ | ||
| 100 | 1 |
_aPatterson, James, _d1947- |
|
| 245 | 1 | 4 |
_aThe lake house : _ba novel / _cJames Patterson. |
| 250 | _a1st ed. | ||
| 260 |
_aBoston : _bLittle, Brown, _c2003. |
||
| 300 |
_a376 p. ; _c25 cm. |
||
| 500 | _aSequel to: When the wind blows. | ||
| 650 | 0 |
_aHuman experimentation in medicine _vFiction. |
|
| 650 | 0 |
_aGenetic engineering _vFiction. |
|
| 650 | 0 |
_aTeenagers _vFiction. |
|
| 650 | 0 |
_aFlight _vFiction. |
|
| 651 | 0 |
_aWashington (D.C.) _vFiction. |
|
| 651 | 0 |
_aColorado _vFiction. |
|
| 655 | 7 |
_aSuspense fiction. _2gsafd. |
|
| 655 | 7 |
_aScience fiction. _2gsafd. |
|
| 001 | data | ||
| 999 |
_c131 _d131 |
||